000 00316 a2200109 4500
001 ART_27807
005 20260410161949.0
008 260409a
245 1 0 _aLas materias grasas y nuestra salud
100 1 _aCiappini, María Cristina
773 0 _tInvenio
_g- Año 1, Nº 2 (nov. 1998)
_wREV27781
999 _c30240
_d30240